| 000 | 00790nam a2200229Ia 4500 | ||
|---|---|---|---|
| 999 |
_c41160 _d41160 |
||
| 001 | 7810 | ||
| 003 | GE_BSU | ||
| 005 | 20221114162736.0 | ||
| 008 | 181216s2010||||en |||||||||||||| ||eng|| | ||
| 020 | _a9780781799072x | ||
| 040 | _cGE_BSU | ||
| 041 | _aeng | ||
| 080 | _a611.08 B-86 | ||
| 100 |
_aBrunner & Suddarth's _914807 |
||
| 245 |
_aHandbook of Laboratory and diagnostic Tesrs / _cBrunner & Suddarth's |
||
| 264 |
_aPhiladelphia : _bWolters Kluwer, _c2010. |
||
| 300 |
_a57p.: _bIll. _c19 cm. |
||
| 653 | _aHandbook of Laboratory and diagnostic Tesrs | ||
| 653 | _aლაბორატორიული და დიაგნოსტიკური ტესტების სახელმძღვანელო | ||
| 653 | _aმედიცინა | ||
| 942 |
_cBK _2udc |
||